| 000 | 00906nam a2200241Ia 4500 | ||
|---|---|---|---|
| 005 | 20250425162103.0 | ||
| 008 | 250425s9999 xx 000 0 und d | ||
| 020 | _a9580352111 | ||
| 041 | _aspa | ||
| 082 | _a631.46 | ||
| 100 | _aOROZCO PATIÑO, FRANCISCO HERNANDO | ||
| 245 | 0 | _aLA BIOLOGÍA DEL NITRÓGENO : CONCEPTOS BÁSICOS SOBRE SUS TRANSFORMACIONES BIOLÓGICAS TOMO I | |
| 250 | _a1A ED. | ||
| 260 |
_aColombia _bUNIVERSIDAD NACIONAL DE COLOMBIA _c1999 |
||
| 260 | _aMEDELLÍN | ||
| 300 | _a231 | ||
| 520 | _aESTA OBRA OFRECE UNA VISION COMPLETA DEL NITROGENO EN EL SUELO Y SU RELACION CON LA MATERIA VIVA DENTRO Y FUERA DEL SUELO. ESTA DIRIGIDO A PERSONAS CON FORMACION EN BIOLOGIA, QUIMICA Y/O QUE TENGAN FORMACION EN EL SECTOR AGROPECUARIO.SE HACE ENFASIS EN | ||
| 650 | _aBIOLOGIA DEL SUELO | ||
| 650 | _aFERTILIZACION | ||
| 650 | _aNITROGENO | ||
| 942 | _c01 | ||
| 010 | _a48817 | ||
| 999 |
_c222072 _d222072 |
||